00488 a2200193 4500041000800000082001700008100002400025245007200049260004200121300001500163518001500178530000600193650001700199650001400216650001500230653001900245942001300264999001700277 aEng a808.1bB632a aBodkin, Maud920585 aArchetypal patterns in poetrybpsychological studies of imagination aLondonbOxford University Pressc1934 axiv, 340p. a2011-03-03 aM aWoman916281 aGod91231 aLiterature aEnglish poetry 2ddccGEN c59725d59713